000 00810nam a22002657a 4500
001 20342
003 UA-OsUOA
005 20260428110457.0
007 ta
008 20031027b un ||||| |||| 00| 0 ukr d
040 _aUA-OsUOA
_bukr
_cUA-OsUOA
_dUA-OsUOA
041 _aukr
044 _aUA
080 _a94(477)
090 _a94(477)
_bС79
100 _aСтепанів О.
_925106
245 _aСучасний Львів
_bв 700 ліття заснування міста Львова
_cО. Степанів
250 _aвид. 2, доп.
260 _aНью-Йорк
_bГоверля
_c1953
300 _a168 с.
650 7 _2UDC
_a94(477) Історія України
_91446
942 _cBK
_2udc
955 _a0
999 _c306519
_d306519